000
00225 a2200097 4500
001
51513
100
_a
Cook N H
245
_a
Mechanics and Materials for Design
260
_a
New York
_b
McGraw Hill
_c
090
_c
32631
_d
32631
942
_a
NUST-CAE
_c
M
_c
25149
999
_c
286586
_d
286586